00759nam a2200193 a 450000100100000000500170001000800410002702000150006804000250008308200160010810000380012424501230016226000440028530000330032950400320036270000430039495201130043799900150055000000722220200929154112.0090907s2000 mx 000 0 spa d a9701704002 aDO-SdBNPbspacBNPHU axxxxbA995e1 aAznar Royo, José Ignacio92003310aEtimologías grecolatinas :borígenes del español /cJosé Ignacio Aznar Royo ; editor Enrique Quintanar Duarte. aMéxico :bPearson Educación,c2000. aix, 218 p. :bmap. ;c24 cm. aBibliografía : p. 217-2181 aQuintanar Duarte, Enrique,eed.920034 001050718MOaGRbGRcHDd2009-09-07iLF1l0oxxxx A995ep7222-10r2020-06-25w2020-06-25y1ZNo se presta c7003d7003